Tajemství Olgy Čechovové : byla Hitlerova oblíbená herečka ruskou špionkou? /

Hlavní autor: Beevor, Antony, 1946-
Jazyk: Čeština
Vydáno: Praha : Academia, 2007
Vydání: Vyd. 1.
Edice: Historie (Academia)
Témata:
Externí odkaz: Digitalizovaný dokument
Fyzický popis: 231 s., [16] s. obr. příl. : il., portréty ; 25 cm
Knihy
Uloženo v:
LEADER 01940nam a2200529 a 4500
001 nkc20071747420
003 CZ PrNK
005 20080130154227.0
007 ta
008 070813s2007 xr acf e 001 0bcze
015 |a cnb001747420 
020 |a 978-80-200-1497-9  |q (váz.) 
035 |a (OCoLC)190752494 
040 |a ABA001  |b cze 
041 1 |a cze  |h eng 
043 |a e-ur--- 
045 |a w9x8 
072 7 |a 791/793  |x Divadlo, film, tanec (obecně)  |2 Konspekt  |9 3 
072 7 |a 929  |x Biografie  |2 Konspekt  |9 8 
080 |a 791/792.071.2-055.2  |2 MRF 
080 |a 355.40-055.2  |2 MRF 
080 |a 929  |2 MRF 
080 |a (47+57)  |2 MRF 
080 |a (092)  |2 MRF 
100 1 |a Beevor, Antony,  |d 1946-  |7 jn20020716713  |4 aut 
245 1 0 |a Tajemství Olgy Čechovové :  |b byla Hitlerova oblíbená herečka ruskou špionkou? /  |c Antony Beevor ; přeložil Ondřej Novák 
250 |a Vyd. 1. 
260 |a Praha :  |b Academia,  |c 2007 
300 |a 231 s., [16] s. obr. příl. :  |b il., portréty ;  |c 25 cm 
490 1 |a Historie 
500 |a Přeloženo z angličtiny 
504 |a Obsahuje bibliografii, bibliografické odkazy a rejstřík 
600 1 7 |a Čechova, Ol‘ga Konstantinovna,  |d 1897-1980  |7 js20020925114  |2 czenas 
650 0 7 |a herečky  |7 ph120685  |z Sovětský svaz  |2 czenas 
650 0 7 |a agentky  |7 ph202206  |z Sovětský svaz  |2 czenas 
650 0 9 |a actresses  |z Soviet Union  |2 eczenas 
650 0 9 |a women spies  |z Soviet Union  |2 eczenas 
655 7 |a biografie  |7 fd131909  |2 czenas 
655 9 |a biography  |2 eczenas 
765 0 |t Mystery of Olga Chekhova  |9 Česky 
830 0 |a Historie (Academia)  |0 s 
856 4 1 |u http://www.digitalniknihovna.cz/mzk/uuid/uuid:fd44f770-77a7-11e9-8cea-005056827e52  |y Digitalizovaný dokument  |x NDK 
910 2 |a BOA001  |b 3-1195.218 
990 |a BK 
995 |a 01 
991 |b 200712  |c NOV 
996 6 |b 2610327057  |c 3-1195.218  |l MZK  |r Sklad / do 1 hodiny  |n 0  |p p.v.  |w 000877279  |u 000010  |a 1  |e BOA001  |j MZK50  |s P